[Event "CAN-ch U12"]
[Site "Windsor"]
[Date "2015.07.06"]
[Round "1.76"]
[White "Arora, Sat"]
[Black "Lehingrat, Callum"]
[Result "0-1"]
[WhiteElo "519"]
[BlackElo "1341"]
[PlyCount "54"]
[EventDate "2015.07.06"]
[EventType "swiss"]
[EventRounds "7"]
[EventCountry "CAN"]
[SourceTitle "EXT 2022"]
[Source "ChessBase"]
[SourceDate "2021.10.06"]
[SourceVersion "1"]
[SourceVersionDate "2021.10.06"]
[SourceQuality "1"]

1. d4 Nf6 2. h3 e6 3. Nc3 d5 4. Bf4 a6 5. Nf3 c5 6. a3 Nc6 7. e3 Qa5 8. Bd3 c4 9. b4 cxb3 10. Qd2 b2 11. Ra2 Qxc3 12. 0-0 Qxd2 13. Nxd2 b5 14. Rxb2 Bxa3 15. Ra2 Bb4 16. Nf3 Bb7 17. Ng5 h6 18. Nf3 0-0 19. Ne5 Nxe5 20. dxe5 Nd7 21. g4 Bc3 22. g5 hxg5 23. Bxg5 Nxe5 24. Be2 d4 25. Kh2 Bf3 26. Rg1 Bxe2 27. Raa1 Bxa1 0-1